| 000 | 00804cam a2200241 a 4500 | ||
|---|---|---|---|
| 001 | 000005797 | ||
| 005 | 20240502094959.0 | ||
| 008 | 830601m19829999cu a b 001 0 spa | ||
| 010 | _a83112011 | ||
| 040 |
_aDO-SdBNP _cDLC _dDLC |
||
| 082 |
_a972.91064 _bN964e |
||
| 100 | 1 |
_aNúñez Jiménez, Antonio. _94130 |
|
| 245 | 1 | 0 |
_aEn marcha con Fidel / _cAntonio Núñez Jiménez; edición, Rosario Esteva. |
| 260 |
_aLa Habana : _bLetras Cubanas, _c1982. |
||
| 300 |
_av. 1 : _bil. ; _c21 cm. |
||
| 504 | _aIncluye referencias bibliográficas | ||
| 505 | 1 | _av. 1. 1959. | |
| 651 | 4 |
_aCuba _xHistoria _yREVOLUCIÓN, 1959. _92456 |
|
| 651 | 4 |
_aCuba _xHistoria _y1959-1990. _95937 |
|
| 600 | 1 | 0 |
_aCastro, Fidel _d 1926-2016 _916971 |
| 700 | 1 |
_aEsteva, Rosario _eed. _916399 |
|
| 910 | _aCatalogación por copia / LC | ||
| 999 |
_c5593 _d5593 |
||